La defénse sociale nouvelle

Saved in:
Bibliografiske detaljer
Hovedforfatter: Ancel, Marc (Author)
Format: Bog
Sprog:fransk
Udgivet: París Cujas 1966
Fag:
Tags: Tilføj Tag
Ingen Tags, Vær først til at tagge denne postø!

MARC

LEADER 00000nam a2200000 a 4500
001 UCS3055
003 CL-VaPUC
008 970613e19660000FR |||||||||||||||||fre|d
082 0 4 |a 364.2  |b ANC  |2 21 
100 0 |a Ancel, Marc  |e author  |9 389026 
245 1 0 |a La defénse sociale nouvelle 
300 |a 391 p 
942 |c BK 
945 |d 19970613 00:00:00  |a lriquelm 
260 |a París  |b Cujas  |c 1966 
650 0 |a Seguridad social  |9 255322 
650 7 |a DOCTRINA POLITICA  |2 CL-VaPUC  |9 389027 
650 0 |a Delitos  |9 224143 
650 7 |a DERECHO PENAL  |2 CL-VaPUC  |9 11 
650 0 |a Criminología  |9 256168 
650 0 |a Delincuencia  |9 335739 
650 0 |a Sistemas sociales  |9 308361 
583 |a last modification  |c 19970613 00:00:00  |k Rodrigo Vera 
999 |c 260905  |d 260903 
952 |0 0  |1 0  |4 0  |6 364_200000000000000_ANC_1966  |7 0  |8 A  |9 287528  |a BIBDER  |b BIBDER  |d 2019-11-19  |i 1866168  |o 364.2 ANC 1966  |p 1866168  |r 2023-01-25  |w 2019-11-19  |y BK  |k DER